000 00518nam a22001937a 4500
003 LK-CoMWRAF
005 20231022100315.0
008 231010b1996 |||||||| |||| 00| 0 eng d
020 _a0670869759
040 _aLK-CoMWRAF
_dLK-CoMWRAF
_eLK-CoMWRAF
041 _aeng
082 _a299
_bCOU
245 _aA Course in miracles :
_bcombined volume
250 _a2nd ed.
260 _aNew York:
_bFoundation for Inner Peace,
_c1996
300 _a x, 669, 488, 92 p. ; 24 cm.
650 _aSPIRITUAL LIFE
942 _cBK
999 _c3819
_d3819